| 000 | 02139cam a2200421 i 4500 | ||
|---|---|---|---|
| 001 | 18980619 | ||
| 003 | NUST | ||
| 005 | 20230210143235.0 | ||
| 008 | 160217s2016 ii b 001 0 eng d | ||
| 010 | _a 2015515240 | ||
| 020 | _a9788182748736 (hardback) | ||
| 020 | _a8182748739 (hardback) | ||
| 025 | _aI-E-2015515240; 63-92 | ||
| 035 | _a(OCoLC)ocn939550235 | ||
| 035 | _a(OCoLC)939550235 | ||
| 037 | _bLibrary of Congress -- New Delhi Overseas Office | ||
| 040 |
_aDKAGE _beng _erda _cDKAGE _dDLC |
||
| 042 |
_alccopycat _alcode |
||
| 043 | _aa-ii--- | ||
| 050 | 0 | 0 |
_aDS480.853 _b.M63 2016 |
| 082 | _a954.0532,MOD | ||
| 245 | 0 | 0 |
_aModi's foreign policy : _bchallenges and opportunities / _ceditors, N.N. Jha, Sudhir Singh. |
| 264 | 1 |
_aNew Delhi : _bIndian Council of World Affairs : _bPentagon Press, _c2016. |
|
| 300 |
_axxvi, 350 pages : _billustrations (black and white) ; _c24 cm |
||
| 336 |
_atext _btxt _2rdacontent |
||
| 337 |
_aunmediated _bn _2rdamedia |
||
| 338 |
_avolume _bnc _2rdacarrier |
||
| 505 | _aIndia's foreign policy towards Nepal (Page-1), Transition from 'Look east' to 'Act east' (Page-11), A new foreign policy agenda for Modi (Page-22), Modi's foreign policy (Page-35), Indo - Iran relationship (Page-47), India - Bangladesh Betrayal agreements (Page-59), Indo - African relations (Page-68), Russia in Asia - Pacific (Page-75), Modi's government's Afghan policy (Page-88), Narendra Modi (Page-124), Great Game i Central Asia (Page-184), India and Australia (Page-200), Indo-Pak relations (Page-284), India-Singapore Bilateral relations (Page-295), Contemporary Indo-Bhutanese relations (Page-336). | ||
| 600 | 1 | 0 |
_aModī, Narendra, _d1950- _vCongresses. _9108858 |
| 651 | 0 |
_aIndia _xForeign relations _y21st century _vCongresses. _9108859 |
|
| 700 | 1 |
_aJha, N. N. _q(Nagendra Nath), _d1935- _eeditor. _9108860 |
|
| 700 | 1 |
_aSingh, Sudhir Kumar, _eeditor. _9108861 |
|
| 710 | 2 |
_aSociety for Social Empowerment. _9108862 |
|
| 710 | 2 |
_aIndian Council of World Affairs. _999438 |
|
| 906 |
_a7 _bcbc _ccopycat _d3 _encip _f20 _gy-gencatlg |
||
| 942 |
_2ddc _cBK _k954.0532,MOD |
||
| 999 |
_c593205 _d593205 |
||